000
00283nam a22001097a 4500
999
_c
168103
_d
168103
082
_a
_b
100
_a
Ambedkar Baburav
245
_a
Azangar bajahath ki kahaniyom meim vyavastha virodhi swar/
_c
by Ambedkar Baburav.
260
_a
Mathura,
_b
Jawahar,
_c
650
_a
942
_c
BK